Literatúra hlbokého poznania O súčasnej sovietskej literatúre, ktorú vydáva vydavateľstvo Slovenský spisovateľ v edícii Nová sovietska tvorba, sa zhovárame s redaktorkou Máriou

Bibliographic Details
Main Authors: A.S (Author), Hulmanová, Mária, 1939-2006 (Author)
Format: Article
Language:Slovak
PhysicalDescription:Fot. 1.
Subjects:

MARC

LEADER 00000nab a2200000 a 4500
001 vtls000015255
003 SK-MaSNL
005 20260305015753.0
008 150430c1978 xo 0 slo
015 |a SNBRB19rr/mm-uuuuu 
035 |a CL0025349 
040 |a SNKBUCL  |b slo  |c SNKBUCL  |e AACR2 
041 0 |a slo 
044 |a xo  |c SK 
080 |a 82:08:882+820/89(47)  |2 1981 
080 |a 08  |2 1981 
080 |a 882  |2 1981 
080 |a 820/89(47)  |2 1981 
100 1 |a A.S  |4 aut  |9 608574 
245 1 0 |a Literatúra hlbokého poznania  |b O súčasnej sovietskej literatúre, ktorú vydáva vydavateľstvo Slovenský spisovateľ v edícii Nová sovietska tvorba, sa zhovárame s redaktorkou Máriou  |c A.S, Mária Hulmanová 
300 |b Fot. 1. 
600 1 7 |a Hulmanová, Mária,  |d 1939-2006  |2 snkbucl  |9 165781 
610 2 7 |a Slovenský spisovateľ (vydavateľstvo)  |2 snkbucl  |9 154446 
650 0 7 |a vydavateľstvá slovenské  |2 snkbucl  |9 922208 
650 0 7 |a Nová sovietska tvorba (edícia)  |2 snkbucl  |9 1269042 
650 0 7 |a sovietska literatúra  |2 snkbucl  |9 22300 
655 7 |a články z novín a časopisov  |2 snkbucl  |9 267496 
655 7 |a články z odboru literárna veda a krásna literatúra  |2 snkbucl  |9 770045 
700 1 |a Hulmanová, Mária,  |d 1939-2006  |4 aut  |9 165781 
773 0 |t Večerník  |g Roč. 23, č. 233 (27. 11. 1978), s. /5/ 
850 |a Slovenská národná knižnica v Martine  |a MTA001 
852 |a SNK  |b KIS3GCP 
958 |a RK 
958 |a LX 
958 |a SK 
992 |a RBX 
999 |c 3276963  |d 3278893